Themechanism of economic systems (Record no. 435295)

000 -LEADER
fixed length control field 00358cam a22001337a 4500
008 - FIXED-LENGTH DATA ELEMENTS--GENERAL INFORMATION
fixed length control field 180718b1957 xxu||||| |||| 00| 0 eng d
082 ## - DEWEY DECIMAL CLASSIFICATION NUMBER
Classification number T17 T877
100 ## - MAIN ENTRY--PERSONAL NAME
Personal name Tustin, Arnold
245 ## - TITLE STATEMENT
Title Themechanism of economic systems
Statement of responsibility, etc. by Arnold Tustin
250 ## - EDITION STATEMENT
Edition statement 2nd ed.
260 ## - PUBLICATION, DISTRIBUTION, ETC.
Place of publication, distribution, etc. Melbourne
Name of publisher, distributor, etc. William Heinemann
Date of publication, distribution, etc. 1957
300 ## - PHYSICAL DESCRIPTION
Extent xi,191p.
650 ## - SUBJECT ADDED ENTRY--TOPICAL TERM
Topical term or geographic name entry element Economics
Holdings
Withdrawn status Lost status Damaged status Not for loan Permanent Location Current Location Date acquired Full call number Barcode Date last seen Price effective from Koha item type
        Indian Institute of Public Administration Indian Institute of Public Administration 2010-02-23 T17 T877 20232 2018-07-21 2018-07-21 Book

Powered by Koha